[Event "Tradewise Gibraltar Chess Festival 2014 "]
[Site "The Caleta Hotel - Gibraltar"]
[Date "2014.01.30"]
[Round "3.51"]
[White "Scharrer, Patrick"]
[Black "Flear, Glenn C"]
[Result "1/2-1/2"]
[WhiteElo "2220"]
[BlackElo "2471"]
[PlyCount "106"]
[EventDate "2014.01.28"]

1. e4 e5 2. Nf3 Nc6 3. Bc4 Bc5 4. c3 Nf6 5. d3 a6 6. Bb3 Ba7 7. h3 d6 8. Nbd2
O-O 9. Nf1 d5 10. Qe2 Be6 11. Bg5 dxe4 12. dxe4 Bxb3 13. axb3 Qd6 14. Ng3 Qe6
15. b4 Ne8 16. Nf5 f6 17. Be3 Bxe3 18. Nxe3 Nd6 19. Nd2 Rad8 20. O-O Rd7 21.
Qg4 Qf7 22. Ndc4 Nxc4 23. Nxc4 h5 24. Qe2 Rfd8 25. Rab1 Ne7 26. Ne3 Rd2 27. Qf3
g6 28. Rfd1 R2d6 29. Rxd6 Rxd6 30. Rd1 Qe6 31. Rxd6 Qxd6 32. Qd1 Kf7 33. h4
Qxd1+ 34. Nxd1 Nc8 35. f3 Nd6 36. Kf2 f5 37. exf5 gxf5 38. g3 f4 39. gxf4 exf4
40. Ke2 Nf5 41. Kd3 Ng3 42. Nf2 Ke6 43. Kd4 Kf5 44. Nd3 Nf1 45. c4 Ne3 46. Ne1
b6 47. b5 axb5 48. cxb5 Ke6 49. Ke4 Nf5 50. Nd3 Nd6+ 51. Kxf4 Kf6 52. Ke3 Nf5+
53. Ke4 Nxh4 1/2-1/2

[Event "Tradewise Gibraltar Chess Festival 2014 "]
[Site "The Caleta Hotel - Gibraltar"]
[Date "2014.01.30"]
[Round "3.52"]
[White "Sanchez Castillo, Sarai Caroli"]
[Black "Galego, Luis"]
[Result "0-1"]
[WhiteElo "2219"]
[BlackElo "2465"]
[PlyCount "92"]
[EventDate "2014.01.28"]

1. e4 c5 2. Nf3 e6 3. d4 cxd4 4. Nxd4 a6 5. Be2 Nf6 6. Nc3 Qc7 7. O-O Nc6 8.
Kh1 Bc5 9. Nb3 Be7 10. f4 d6 11. a4 b6 12. Bf3 Bb7 13. Be3 O-O 14. g4 d5 15.
exd5 Nb4 16. d6 Bxd6 17. Bxb7 Qxb7+ 18. Kg1 Rfd8 19. Qe2 Rac8 20. Rac1 Nfd5 21.
Qf3 Qd7 22. Nxd5 Nxd5 23. Kh1 Qxa4 24. h3 Nxe3 25. Qxe3 Qc6+ 26. Rf3 a5 27. c3
Qd5 28. Nd4 Bc5 29. Rd1 Rd7 30. Kh2 Rcd8 31. Qe2 Qb7 32. Re3 h6 33. f5 e5 34.
Rxe5 Bd6 35. Kg1 Bxe5 36. Qxe5 Re7 37. Qh2 Re3 38. Rf1 Qe4 39. f6 g6 40. Qg2
Qxg2+ 41. Kxg2 Rd3 42. Rf2 Re8 43. Nf3 Re6 44. g5 hxg5 45. Nxg5 Re5 46. h4 Rde3
0-1

[Event "Tradewise Gibraltar Chess Festival 2014 "]
[Site "The Caleta Hotel - Gibraltar"]
[Date "2014.01.30"]
[Round "3.53"]
[White "Rowe, Duane"]
[Black "Pardo Simon, David"]
[Result "1/2-1/2"]
[WhiteElo "2218"]
[BlackElo "2450"]
[PlyCount "129"]
[EventDate "2014.01.28"]

1. e4 e5 2. Nf3 Nc6 3. Bc4 Nf6 4. d4 exd4 5. O-O Nxe4 6. Re1 d5 7. Bxd5 Qxd5 8.
Nc3 Qa5 9. Nxe4 Be6 10. Neg5 O-O-O 11. Nxe6 fxe6 12. Rxe6 Bd6 13. Bg5 Rde8 14.
Qe1 Qxe1+ 15. Raxe1 Rxe6 16. Rxe6 Kd7 17. Re4 Re8 18. Rxe8 Kxe8 19. Bd2 Be7 20.
Kf1 Kd7 21. Ke2 Ke6 22. Kd3 Kd5 23. a3 Bf6 24. Bf4 Ne5+ 25. Bxe5 Bxe5 26. a4
Bf6 27. b3 c6 28. g3 b5 29. Nd2 a6 30. f4 c5 31. axb5 axb5 32. Ke2 c4 33. bxc4+
bxc4 34. Nf3 Bd8 35. Ne5 Bc7 36. Nf3 h6 37. h4 h5 38. Ng5 Bd8 39. Nf3 Be7 40.
Nd2 Bf6 41. Nf3 Kc5 42. Kd2 Kb4 43. Ng1 Kb5 44. Nf3 Kc5 45. Ke2 Kd5 46. Nd2 Be7
47. Nf3 Ba3 48. Ng5 Be7 49. Nf3 Ba3 50. Ng5 Bc1 51. Kd1 Be3 52. Ke2 Kc5 53.
Ne4+ Kb4 54. Kd1 Bg1 55. f5 Bh2 56. c3+ Kb3 57. cxd4 Bg1 58. Ke2 Bxd4 59. Kf3
Kc2 60. Nd6 c3 61. Nb5 Kd3 62. Nxc3 Bxc3 63. g4 Kd4 64. f6 gxf6 65. g5 1/2-1/2

[Event "Tradewise Gibraltar Chess Festival 2014 "]
[Site "The Caleta Hotel - Gibraltar"]
[Date "2014.01.30"]
[Round "3.54"]
[White "Guo, Qi"]
[Black "Zvarik, Martin"]
[Result "1-0"]
[WhiteElo "2450"]
[BlackElo "2216"]
[PlyCount "111"]
[EventDate "2014.01.28"]

1. d4 Nf6 2. Nf3 d6 3. c4 Bg4 4. Qb3 Qc8 5. h3 Bxf3 6. Qxf3 Nbd7 7. Nc3 g6 8.
e4 Bg7 9. Be2 O-O 10. O-O e5 11. d5 a5 12. Qd3 h6 13. Be3 Kh7 14. Qc2 Nc5 15.
b3 Nfd7 16. a3 f5 17. exf5 gxf5 18. b4 Na6 19. Rab1 e4 20. Nb5 Qe8 21. f4 Qg6
22. Qd1 Qg3 23. Qd2 Rg8 24. Bh5 Raf8 25. Qf2 Bf6 26. Qxg3 Rxg3 27. Bf2 Rd3 28.
Rfd1 Rxd1+ 29. Bxd1 axb4 30. axb4 Rd8 31. g4 Ndb8 32. Nd4 Bxd4 33. Bxd4 Rf8 34.
gxf5 Rxf5 35. Be3 Nd7 36. Bg4 Rf7 37. Be6 Rg7+ 38. Kf2 Nf8 39. Bf5+ Kg8 40.
Bxe4 Ng6 41. Bd4 Nxf4 42. Bxg7 Kxg7 43. Ke3 Nxh3 44. Bf5 Ng5 45. Bc8 Nb8 46. b5
Nf7 47. Ra1 Ne5 48. Ra8 Nbd7 49. Bxd7 Nxd7 50. Rc8 Kf6 51. Rxc7 Nc5 52. Kd4 h5
53. Rh7 Kg5 54. Ke3 h4 55. Kf3 b6 56. Kg2 1-0

[Event "Tradewise Gibraltar Chess Festival 2014 "]
[Site "The Caleta Hotel - Gibraltar"]
[Date "2014.01.30"]
[Round "3.55"]
[White "Stenzel, Thomas"]
[Black "Zhukova, Natalia"]
[Result "0-1"]
[WhiteElo "2216"]
[BlackElo "2449"]
[PlyCount "80"]
[EventDate "2014.01.28"]

1. e4 e6 2. d4 d5 3. exd5 exd5 4. c4 Nf6 5. Nf3 Bd6 6. Bd3 O-O 7. O-O dxc4 8.
Bxc4 Nc6 9. Nc3 Bg4 10. Be3 a6 11. a3 Qd7 12. Re1 Rad8 13. Rc1 Rfe8 14. h3 Bh5
15. Be2 h6 16. Qb3 b5 17. Qc2 Bg6 18. Bd3 Bxd3 19. Qxd3 Na5 20. Nd2 c5 21. Nce4
Nxe4 22. Nxe4 c4 23. Qc2 Nb3 24. Rcd1 Qf5 25. f3 Bc7 26. Qf2 Qg6 27. g4 f5 28.
Nc5 f4 29. Bc1 Rxe1+ 30. Rxe1 Nxd4 31. Kg2 Qc6 32. Ne4 Nb3 33. Qh4 Rd3 34. Qe7
Ba5 35. Rf1 Bd8 36. Qe5 Bc7 37. Qh5 Rxf3 38. Rxf3 Qxe4 39. Be3 fxe3 40. Qf7+
Kh7 0-1

[Event "Tradewise Gibraltar Chess Festival 2014 "]
[Site "The Caleta Hotel - Gibraltar"]
[Date "2014.01.30"]
[Round "3.56"]
[White "Akesson, Ralf"]
[Black "Barrenechea Bahamonde, Gustavo"]
[Result "1-0"]
[WhiteElo "2447"]
[BlackElo "2208"]
[PlyCount "75"]
[EventDate "2014.01.28"]

1. d4 d5 2. c4 e6 3. Nf3 c5 4. cxd5 exd5 5. g3 Nc6 6. Bg2 Nf6 7. O-O Be7 8. Nc3
O-O 9. Bg5 cxd4 10. Nxd4 h6 11. Be3 Bg4 12. h3 Be6 13. Kh2 Ne5 14. Qb3 Nc4 15.
Bf4 Nh5 16. Bc1 Bc5 17. Qd1 Nf6 18. b3 Nd6 19. Bb2 Qe7 20. Rc1 Bb4 21. Nc2 Bxc3
22. Bxc3 Nfe4 23. Bb4 Rfd8 24. Ne3 a5 25. Ba3 Ra6 26. Nxd5 Qg5 27. Bxe4 Nxe4
28. Ne7+ Qxe7 29. Bxe7 Rxd1 30. Rcxd1 a4 31. bxa4 Nc3 32. Rd2 Nxa2 33. Rb1 Nc3
34. Rxb7 Ne4 35. Rd8+ Kh7 36. Rb4 Nxf2 37. g4 f5 38. gxf5 1-0

[Event "Tradewise Gibraltar Chess Festival 2014 "]
[Site "The Caleta Hotel - Gibraltar"]
[Date "2014.01.30"]
[Round "3.57"]
[White "Veltkamp, Gerben"]
[Black "Munguntuul, Batkhuyag"]
[Result "0-1"]
[WhiteElo "2202"]
[BlackElo "2438"]
[PlyCount "82"]
[EventDate "2014.01.28"]

1. e4 c5 2. c3 e5 3. Nf3 Nc6 4. Bb5 Nf6 5. O-O d6 6. d4 cxd4 7. cxd4 Bd7 8. Nc3
exd4 9. Nxd4 Be7 10. Bf4 O-O 11. Rc1 Rc8 12. h3 Re8 13. Nf3 a6 14. Ba4 Be6 15.
Bb3 Bxb3 16. Qxb3 Na5 17. Qd1 h6 18. Nd4 Bf8 19. Qf3 Nc4 20. b3 Ne5 21. Bxe5
dxe5 22. Nf5 g6 23. Ne3 Bc5 24. Ncd5 Nxd5 25. Nxd5 Re6 26. Rfd1 Bd4 27. Qg4 Kh8
28. h4 Rec6 29. Rxc6 Rxc6 30. h5 Kg7 31. Ne3 Kh7 32. Rd3 Rf6 33. hxg6+ fxg6 34.
Qe2 Rf4 35. Ng4 Qh4 36. Rxd4 exd4 37. f3 h5 38. Qd2 Qg3 39. Ne5 Rh4 40. Qa5 b6
41. Qd5 Qe1# 0-1

[Event "Tradewise Gibraltar Chess Festival 2014 "]
[Site "The Caleta Hotel - Gibraltar"]
[Date "2014.01.30"]
[Round "3.58"]
[White "Kohlweyer, Bernd"]
[Black "Marttala, Thomas"]
[Result "1-0"]
[WhiteElo "2437"]
[BlackElo "2200"]
[PlyCount "99"]
[EventDate "2014.01.28"]

1. Nf3 f5 2. d4 Nf6 3. Bg5 d5 4. e3 Ne4 5. Bf4 e6 6. Be2 Bd6 7. O-O O-O 8. c4
Nc6 9. Nc3 Bxf4 10. exf4 Ne7 11. Qc2 c6 12. Rad1 Bd7 13. Ne5 Be8 14. g3 Ng6 15.
Nf3 h6 16. Ne1 Qe7 17. c5 Nh8 18. f3 Nxc3 19. Qxc3 g5 20. Nd3 Ng6 21. fxg5 hxg5
22. f4 g4 23. b4 b5 24. a4 a6 25. Ra1 Rb8 26. Ra3 Qg7 27. Rfa1 Rf7 28. R1a2
Rfb7 29. axb5 axb5 30. Ra6 Kf8 31. Bf1 Qh8 32. Qa1 Rh7 33. Re2 Bd7 34. Rb6 Ke7
35. Ra2 Rd8 36. Rb7 Ke8 37. Rc7 Ke7 38. Nc1 Ke8 39. Nb3 Ne7 40. Qe1 Rh6 41. Bd3
Rc8 42. Rb7 Rd8 43. Qe3 Qf6 44. Rba7 Bc8 45. Na5 Rd7 46. Ra8 Rc7 47. Nxc6 Nxc6
48. Bxb5 Kd7 49. Bxc6+ Rxc6 50. b5 1-0

[Event "Tradewise Gibraltar Chess Festival 2014 "]
[Site "The Caleta Hotel - Gibraltar"]
[Date "2014.01.30"]
[Round "3.59"]
[White "Javakhishvili, Lela"]
[Black "Gikas, Andreas Basilius"]
[Result "1-0"]
[WhiteElo "2430"]
[BlackElo "2189"]
[PlyCount "125"]
[EventDate "2014.01.28"]

1. Nf3 d5 2. c4 c6 3. e3 Nf6 4. Nc3 e6 5. Qc2 Nbd7 6. b3 Bd6 7. Bb2 Qe7 8. cxd5
exd5 9. Nd4 Nc5 10. b4 Nce4 11. Nxc6 Qc7 12. Nd4 Nxc3 13. Bxc3 a6 14. Nf5 Be5
15. Bd3 O-O 16. Rc1 Re8 17. Bxe5 Qxe5 18. O-O Ne4 19. Nd4 Bd7 20. Qc7 Ba4 21.
Qxe5 Rxe5 22. Bxe4 dxe4 23. Rc7 Rb8 24. f3 exf3 25. Rxf3 Be8 26. Rf5 Rxf5 27.
Nxf5 Kf8 28. Nd6 Rd8 29. Nxe8 Kxe8 30. d4 b5 31. Ra7 Rd6 32. Kf2 Rf6+ 33. Ke2
g5 34. h3 Rc6 35. a3 Rf6 36. d5 Rf5 37. d6 Rd5 38. Rxa6 Kd7 39. Ra7+ Ke6 40.
Re7+ Kxd6 41. Rxf7 h5 42. e4 Rd4 43. Ke3 Rc4 44. Rf6+ Ke7 45. Rf5 Rc3+ 46. Kd4
Rg3 47. h4 gxh4 48. Rxh5 Rxg2 49. Rxh4 Kd6 50. Rh6+ Kc7 51. e5 Rg3 52. Kc5 Rc3+
53. Kxb5 Rxa3 54. Rh7+ Kd8 55. Kb6 Re3 56. Rh5 Re1 57. b5 Kc8 58. Kc6 Rc1+ 59.
Kd6 Rd1+ 60. Ke7 Rd5 61. b6 Rb5 62. Rh8+ Kb7 63. e6 1-0

[Event "Tradewise Gibraltar Chess Festival 2014 "]
[Site "The Caleta Hotel - Gibraltar"]
[Date "2014.01.30"]
[Round "3.60"]
[White "Mikkelsen, Nikolaj"]
[Black "Urbina Perez, Juan Antonio"]
[Result "1-0"]
[WhiteElo "2423"]
[BlackElo "2183"]
[PlyCount "114"]
[EventDate "2014.01.28"]

1. e4 c5 2. b3 d6 3. Bb2 e6 4. Nf3 Nf6 5. Bb5+ Bd7 6. Bxd7+ Qxd7 7. d3 Nc6 8.
O-O Be7 9. Nbd2 O-O 10. Qe2 Rac8 11. Rad1 Rfe8 12. c4 a6 13. e5 dxe5 14. Nxe5
Nxe5 15. Bxe5 Qc6 16. f4 Nd7 17. Rf3 Bd6 18. Rg3 f6 19. Qg4 Re7 20. Bc3 e5 21.
f5 e4 22. Re3 exd3 23. Rxe7 Bxe7 24. Nf3 Rd8 25. Rxd3 Nf8 26. Ne1 Rxd3 27. Nxd3
Bd6 28. Qe2 h6 29. Bd2 b6 30. g3 Qd7 31. Qe4 Be5 32. Be3 Qd6 33. Kf2 Nd7 34.
Ke2 a5 35. Nf2 Nb8 36. Qa8 Kh7 37. Qd5 Nc6 38. Qxd6 Bxd6 39. Kd3 Kg8 40. Ke4
Ne7 41. Nd3 Kf7 42. Bf4 Bxf4 43. Nxf4 Ke8 44. g4 Kf7 45. Nd5 Nc8 46. Nf4 Ne7
47. h4 Ke8 48. h5 Kf7 49. Nd5 Nc8 50. Nc7 Ke7 51. Kd5 Kd7 52. Ne6 Ne7+ 53. Ke4
Nc6 54. Nxg7 Ne5 55. g5 hxg5 56. h6 Nf7 57. h7 g4 1-0

[Event "Tradewise Gibraltar Chess Festival 2014 "]
[Site "The Caleta Hotel - Gibraltar"]
[Date "2014.01.30"]
[Round "3.61"]
[White "Tscharotschkin, Michael"]
[Black "Roeder, Matthias"]
[Result "0-1"]
[WhiteElo "2201"]
[BlackElo "2423"]
[PlyCount "132"]
[EventDate "2014.01.28"]

1. c4 b6 2. Nc3 Bb7 3. e4 c5 4. Nf3 d6 5. d4 cxd4 6. Nxd4 Nf6 7. Bd3 Nbd7 8.
Nd5 e6 9. Nxf6+ Nxf6 10. Qe2 g6 11. Bd2 Bg7 12. Bc3 O-O 13. O-O Re8 14. Rad1 a6
15. Nf3 Qc7 16. Rfe1 Rad8 17. e5 dxe5 18. Bxe5 Qc6 19. b3 Qc5 20. h3 Nh5 21.
Bxg7 Bxf3 22. Qxf3 Kxg7 23. Be2 Nf6 24. Qc3 a5 25. Qb2 e5 26. Bf3 Rxd1 27. Rxd1
e4 28. Be2 e3 29. Bf3 a4 30. bxa4 Qxc4 31. fxe3 Rxe3 32. Qxb6 Ra3 33. Bd5 Nxd5
34. Rxd5 Qc1+ 35. Kh2 Qf4+ 36. Kg1 Qc1+ 37. Kh2 Qf4+ 38. Kg1 Rxa4 39. Qb2+ Qf6
40. Qxf6+ Kxf6 41. Rd2 h5 42. Kf2 Kg5 43. Rb2 f5 44. Rc2 Kh4 45. Rb2 g5 46. Rc2
g4 47. hxg4 hxg4 48. Rb2 Ra3 49. Kf1 f4 50. Kf2 Rc3 51. Rd2 Rc1 52. Rb2 Ra1 53.
Rc2 Rb1 54. Rd2 g3+ 55. Kf3 Rf1+ 56. Ke4 Kg4 57. Kd3 f3 58. gxf3+ Rxf3+ 59. Kc4
Rf2 60. Rd8 Rxa2 61. Kd3 Kf3 62. Rf8+ Kg2 63. Ke3 Kg1 64. Rg8 g2 65. Rf8 Ra3+
66. Ke2 Kh2 0-1

[Event "Tradewise Gibraltar Chess Festival 2014 "]
[Site "The Caleta Hotel - Gibraltar"]
[Date "2014.01.30"]
[Round "3.62"]
[White "Mueller, Leonhard"]
[Black "Fenollar Jorda, Manuel"]
[Result "1/2-1/2"]
[WhiteElo "2191"]
[BlackElo "2419"]
[PlyCount "59"]
[EventDate "2014.01.28"]

1. Nf3 d5 2. c4 c6 3. d4 Nf6 4. Nc3 a6 5. cxd5 cxd5 6. Bg5 Nc6 7. e3 e6 8. Bd3
Be7 9. O-O O-O 10. Rc1 Bd7 11. Ne5 Rc8 12. f4 Ne8 13. Qh5 f5 14. Rf3 Nxe5 15.
dxe5 g6 16. Bxe7 Qxe7 17. Qh6 Nc7 18. g4 Nb5 19. Bxb5 Bxb5 20. gxf5 gxf5 21.
Rg3+ Kh8 22. Kf2 Qf7 23. Rcg1 Rg8 24. Rxg8+ Rxg8 25. Rxg8+ Kxg8 26. Nxb5 axb5
27. Qg5+ Kf8 28. Qd8+ Qe8 29. Qf6+ Qf7 30. Qd8+ 1/2-1/2

[Event "Tradewise Gibraltar Chess Festival 2014 "]
[Site "The Caleta Hotel - Gibraltar"]
[Date "2014.01.30"]
[Round "3.63"]
[White "Mihajlov, Sebastian"]
[Black "Houska, Jovanka"]
[Result "0-1"]
[WhiteElo "2185"]
[BlackElo "2415"]
[PlyCount "44"]
[EventDate "2014.01.28"]

1. d4 d5 2. c4 e6 3. Nc3 Be7 4. Nf3 Nf6 5. Bf4 O-O 6. e3 Nbd7 7. Qc2 c5 8. cxd5
Nxd5 9. Nxd5 exd5 10. Bd3 Qa5+ 11. Qc3 Qb6 12. O-O c4 13. Be2 Nf6 14. Qc2 g6
15. b3 Bf5 16. Qd1 Rac8 17. bxc4 dxc4 18. Rc1 c3 19. Bd3 Bxd3 20. Qxd3 Nd5 21.
Bh6 Rfd8 22. Ne1 g5 0-1

[Event "Tradewise Gibraltar Chess Festival 2014 "]
[Site "The Caleta Hotel - Gibraltar"]
[Date "2014.01.30"]
[Round "3.64"]
[White "Teran Alvarez, Ismael"]
[Black "Valenti, Giuseppe"]
[Result "1-0"]
[WhiteElo "2412"]
[BlackElo "2172"]
[PlyCount "79"]
[EventDate "2014.01.28"]

1. e4 c5 2. Nf3 d6 3. c3 Nf6 4. h3 e6 5. Bd3 Nc6 6. Bc2 Be7 7. O-O O-O 8. Re1
Re8 9. d4 h6 10. Nbd2 e5 11. Nf1 Bf8 12. dxc5 dxc5 13. Qe2 Be6 14. Ne3 Qc7 15.
Nh2 Rad8 16. Nhg4 Nxg4 17. hxg4 f6 18. Bb3 Bxb3 19. axb3 a6 20. Nd5 Qf7 21. Be3
Bd6 22. Red1 Kh7 23. Rd2 Nd4 24. Qd1 Nb5 25. Qf3 Rf8 26. Rad1 Qe6 27. Qf5+ Qxf5
28. gxf5 Rc8 29. Nb6 Rc6 30. Nc4 Rd8 31. Na5 Rc7 32. Bxc5 Rxc5 33. Nxb7 Rb8 34.
Nxd6 Nxd6 35. b4 Nxe4 36. bxc5 Nxd2 37. Rxd2 Rb5 38. b4 a5 39. Rb2 axb4 40.
cxb4 1-0

[Event "Tradewise Gibraltar Chess Festival 2014 "]
[Site "The Caleta Hotel - Gibraltar"]
[Date "2014.01.30"]
[Round "3.65"]
[White "Malmdin, Nils-Ake"]
[Black "Savina, Anastasia"]
[Result "1/2-1/2"]
[WhiteElo "2175"]
[BlackElo "2402"]
[PlyCount "96"]
[EventDate "2014.01.28"]

1. e4 c5 2. f4 d5 3. exd5 Qxd5 4. Nc3 Qd8 5. Nf3 Nf6 6. d4 e6 7. Be3 cxd4 8.
Qxd4 Qxd4 9. Bxd4 a6 10. Ne5 Nc6 11. Nxc6 bxc6 12. g3 c5 13. Bxf6 Bb7 14. Rg1
gxf6 15. Bg2 O-O-O 16. Rd1 Be7 17. Ke2 f5 18. Bxb7+ Kxb7 19. Rxd8 Bxd8 20. Kd3
Bf6 21. Kc4 Kc6 22. Na4 Rd8 23. c3 Be7 24. Rg2 Rd1 25. Re2 h5 26. b3 Ra1 27.
Rd2 h4 28. Rg2 Re1 29. Kd3 Bf6 30. Nb2 Rc1 31. Na4 Rf1 32. Kc4 Rf3 33. a3 hxg3
34. hxg3 Re3 35. Rg1 e5 36. fxe5 Bxe5 37. Rf1 Rxg3 38. Rxf5 f6 39. Rh5 Rg4+ 40.
Kd3 Kd5 41. Rh3 Rg1 42. Nb6+ Kc6 43. Nc4 Kd5 44. Ne3+ Ke6 45. Kc4 Rb1 46. Nd5
Rd1 47. Ne3 Rb1 48. Nd5 Rd1 1/2-1/2

[Event "Tradewise Gibraltar Chess Festival 2014 "]
[Site "The Caleta Hotel - Gibraltar"]
[Date "2014.01.30"]
[Round "3.67"]
[White "Vinas Guerrero, Carlos A"]
[Black "Kuipers, Stefan"]
[Result "1/2-1/2"]
[WhiteElo "2153"]
[BlackElo "2399"]
[PlyCount "100"]
[EventDate "2014.01.28"]

1. e4 c5 2. Nf3 Nc6 3. Nc3 Nf6 4. d4 cxd4 5. Nxd4 e5 6. Ndb5 d6 7. Nd5 Nxd5 8.
exd5 Nb8 9. c4 Be7 10. Be2 a6 11. Nc3 O-O 12. O-O f5 13. f4 e4 14. Be3 Nd7 15.
g4 fxg4 16. Nxe4 Qe8 17. Bd4 Bf6 18. Nxf6+ Nxf6 19. Bd3 Qh5 20. Qc2 Bd7 21.
Rae1 Rae8 22. b3 Qh3 23. Bf2 Qh6 24. Bg3 Nh5 25. Rxe8 Rxe8 26. Qf2 Qf6 27. Bb1
Nxg3 28. Qxg3 Qd4+ 29. Qf2 Re3 30. Kg2 g3 31. hxg3 Qc3 32. f5 Qe5 33. Qf4 Re2+
34. Rf2 Qxf4 35. gxf4 Re1 36. Bd3 Kf7 37. Kf3 Kf6 38. Rh2 h6 39. Rg2 Be8 40.
Rh2 a5 41. b4 axb4 42. Rb2 Bh5+ 43. Kf2 Ra1 44. Rxb4 Rxa2+ 45. Ke3 Bg4 46. Rxb7
Ra3 47. Kd4 h5 48. Rb6 Ke7 49. Rb7+ Kf6 50. Rb6 Ke7 1/2-1/2

[Event "Tradewise Gibraltar Chess Festival 2014 "]
[Site "The Caleta Hotel - Gibraltar"]
[Date "2014.01.30"]
[Round "3.68"]
[White "Tseitlin, Mark D"]
[Black "Lercel, Michal"]
[Result "1-0"]
[WhiteElo "2389"]
[BlackElo "2150"]
[PlyCount "83"]
[EventDate "2014.01.28"]

1. e4 e5 2. Nf3 Nc6 3. Bb5 a6 4. Ba4 Nf6 5. O-O Be7 6. Re1 b5 7. Bb3 O-O 8. a4
Rb8 9. axb5 axb5 10. c3 d6 11. d4 exd4 12. cxd4 Bg4 13. Be3 Qd7 14. Nc3 Rfe8
15. h3 Bh5 16. Kh2 h6 17. d5 Ne5 18. Nxe5 dxe5 19. f3 Rec8 20. Ra6 Kh7 21. g4
Bg6 22. Qe2 Ne8 23. Rc6 Bb4 24. Rc1 Bxc3 25. R1xc3 f6 26. Bc2 Nd6 27. Bc5 Be8
28. Bd3 Qd8 29. Ra6 Kh8 30. Qc2 Ra8 31. Rxa8 Rxa8 32. Be3 Bd7 33. Qc1 Ra2 34.
Kg3 Kg8 35. Rxc7 b4 36. Qc5 Ne8 37. d6 Rxb2 38. Ra7 Be6 39. d7 Bxd7 40. Qd5+
Kh7 41. Rxd7 Qc8 42. Bc4 1-0

[Event "Tradewise Gibraltar Chess Festival 2014 "]
[Site "The Caleta Hotel - Gibraltar"]
[Date "2014.01.30"]
[Round "3.69"]
[White "Nezad, Husein Aziz"]
[Black "Osuna Vega, Enrique"]
[Result "1-0"]
[WhiteElo "2372"]
[BlackElo "2141"]
[PlyCount "55"]
[EventDate "2014.01.28"]

1. d4 d6 2. e4 Nf6 3. Nc3 e5 4. Nf3 Nbd7 5. Bc4 Be7 6. O-O h6 7. a4 c6 8. Re1
Qc7 9. Ba2 Nf8 10. Qd3 Be6 11. d5 Bg4 12. Nh4 Nh5 13. h3 Bc8 14. Nf5 Bxf5 15.
exf5 c5 16. g4 Nf6 17. f4 N6d7 18. Nb5 Qd8 19. fxe5 Nxe5 20. Rxe5 a6 21. Nxd6+
Qxd6 22. Bf4 O-O-O 23. Bh2 Bh4 24. Qe3 Bf6 25. Re4 Qb6 26. c3 Nd7 27. b4 cxb4
28. Rc4+ 1-0

[Event "Tradewise Gibraltar Chess Festival 2014 "]
[Site "The Caleta Hotel - Gibraltar"]
[Date "2014.01.30"]
[Round "3.70"]
[White "Lampert, Jonas"]
[Black "Amgalanbaatar, Ravdanlkhumbuu"]
[Result "1/2-1/2"]
[WhiteElo "2358"]
[BlackElo "2137"]
[PlyCount "123"]
[EventDate "2014.01.28"]

1. e4 e6 2. d4 d5 3. Nd2 dxe4 4. Nxe4 Nd7 5. g3 Ndf6 6. Nxf6+ Nxf6 7. Bg2 c5 8.
Nf3 cxd4 9. Qxd4 Be7 10. O-O O-O 11. Rd1 Qxd4 12. Rxd4 Rd8 13. Bf4 Rxd4 14.
Nxd4 Nd5 15. Bxd5 exd5 16. Re1 Kf8 17. Re5 Bh3 18. Rh5 Be6 19. Nxe6+ fxe6 20.
Rxh7 Kg8 21. Rh3 Bf6 22. c3 Rc8 23. Bd2 Rc6 24. g4 Ra6 25. a3 Rb6 26. Bc1 d4
27. cxd4 Bxd4 28. b4 Rc6 29. Bd2 b5 30. Rd3 Bb2 31. Be3 a6 32. Bc5 Kf7 33. f4
Bc1 34. Rd7+ Kg6 35. Bd4 Bxf4 36. Rxg7+ Kh6 37. Rg8 e5 38. Bc5 Kh7 39. Re8 Rh6
40. Re7+ Kg8 41. Kg2 Rxh2+ 42. Kf3 Rh6 43. Ke4 Rf6 44. Ra7 Kh8 45. Be7 Rf7 46.
Ra8+ Kh7 47. Bd6 Bg3 48. Bxe5 Re7 49. Rh8+ Kg6 50. Rh5 Be1 51. Kf3 a5 52. bxa5
Bxa5 53. Bf4 Rb7 54. Ke4 Bc3 55. Rh6+ Kg7 56. g5 b4 57. axb4 Rxb4+ 58. Kf5 Rb5+
59. Kg4 Rd5 60. Rh1 Rd4 61. Rh2 Bb4 62. Rf2 1/2-1/2

[Event "Tradewise Gibraltar Chess Festival 2014 "]
[Site "The Caleta Hotel - Gibraltar"]
[Date "2014.01.30"]
[Round "3.71"]
[White "Bar, Aviv"]
[Black "Solomon, Kenny"]
[Result "1/2-1/2"]
[WhiteElo "2148"]
[BlackElo "2351"]
[PlyCount "84"]
[EventDate "2014.01.28"]

1. e4 e5 2. Nf3 Nc6 3. Bb5 a6 4. Ba4 Nf6 5. O-O Be7 6. Re1 d6 7. c3 Bg4 8. d3
Nd7 9. Nbd2 Nc5 10. Bc2 Ne6 11. h3 Bh5 12. Nf1 Ng5 13. Bxg5 Bxg5 14. Ng3 Bxf3
15. Qxf3 g6 16. Rad1 Qf6 17. Qxf6 Bxf6 18. Ne2 O-O 19. d4 exd4 20. cxd4 Nb4 21.
Bb3 c5 22. f4 cxd4 23. Nxd4 Rad8 24. e5 dxe5 25. fxe5 Be7 26. Kh2 Kg7 27. Rf1
Nc6 28. Rxf7+ Rxf7 29. Ne6+ Kg8 30. Nxd8 Nxd8 31. Rd7 Kf8 32. Bxf7 Kxf7 33. Kg3
a5 34. Kf3 Ke6 35. Rc7 h5 36. g3 b6 37. Ke4 Bf8 38. Rc8 Kd7 39. Ra8 Ne6 40. Rb8
Kc7 41. Re8 Kd7 42. Rb8 Kc7 1/2-1/2

[Event "Tradewise Gibraltar Chess Festival 2014 "]
[Site "The Caleta Hotel - Gibraltar"]
[Date "2014.01.30"]
[Round "3.72"]
[White "Kochetkova, Julia"]
[Black "Burrows, Martin P"]
[Result "1/2-1/2"]
[WhiteElo "2351"]
[BlackElo "2126"]
[PlyCount "106"]
[EventDate "2014.01.28"]

1. e4 c5 2. Nf3 e6 3. d4 cxd4 4. Nxd4 a6 5. Bd3 Bc5 6. Nb3 Be7 7. Qg4 g6 8. Qe2
d6 9. O-O Nd7 10. Nc3 b6 11. Bd2 Bb7 12. Rae1 Qc7 13. f4 Nc5 14. Nxc5 bxc5 15.
f5 gxf5 16. exf5 e5 17. Be4 Nf6 18. Bxb7 Qxb7 19. Bg5 Qxb2 20. Bxf6 Bxf6 21.
Qd3 Qb6 22. Nd5 Qd8 23. Rb1 O-O 24. Rb7 e4 25. Qxe4 Bd4+ 26. Kh1 Qg5 27. Rb3
Rfe8 28. Qd3 Ra7 29. Qd1 Kh8 30. Rg3 Qh6 31. Rh3 Qg5 32. Rh5 Qg8 33. Qf3 f6 34.
Rh6 Qg5 35. Rh5 Qg8 36. a3 Be5 37. c4 Rb8 38. Qe4 Rab7 39. Rh3 Qg5 40. Qf3 Qg7
41. Nf4 Bxf4 42. Qxf4 Rb1 43. Kg1 Rxf1+ 44. Qxf1 Qg4 45. Re3 Qd4 46. Qd3 Rb1+
47. Qxb1 Qxe3+ 48. Kh1 Qxa3 49. h3 a5 50. Qe1 Qa4 51. Qc3 Qd1+ 52. Kh2 Qd4 53.
Qxa5 Qf4+ 1/2-1/2

[Event "Tradewise Gibraltar Chess Festival 2014 "]
[Site "The Caleta Hotel - Gibraltar"]
[Date "2014.01.30"]
[Round "3.73"]
[White "Van Den Bersselaar, Jeroen"]
[Black "Wemmers, Xander"]
[Result "0-1"]
[WhiteElo "2146"]
[BlackElo "2348"]
[PlyCount "82"]
[EventDate "2014.01.28"]

1. d4 Nf6 2. c4 e6 3. Nf3 d5 4. g3 Bb4+ 5. Bd2 Bxd2+ 6. Qxd2 Nbd7 7. Bg2 O-O 8.
O-O Qe7 9. Re1 c6 10. b3 dxc4 11. bxc4 e5 12. e3 e4 13. Ng5 h6 14. Nh3 c5 15.
Nf4 Nb6 16. Qc2 Bf5 17. Nd2 g5 18. Ne2 cxd4 19. Nxd4 Bg6 20. Reb1 Rfd8 21. c5
Rac8 22. N2b3 Na4 23. Rc1 Nxc5 24. Nxc5 b6 25. Qa4 Rxc5 26. Nc6 Qd7 27. Rxc5
bxc5 28. Rc1 Bh5 29. Qa6 Be2 30. Qxe2 Qxc6 31. Qb2 Rc8 32. Bh3 Rd8 33. Qe5 Kg7
34. Rxc5 Rd1+ 35. Bf1 Qa6 36. Rb5 Qxa2 37. Kg2 Rd2 38. Ra5 Rxf2+ 39. Kg1 Qd2
40. Qd4 Rxf1+ 41. Kxf1 Qxa5 0-1

[Event "Tradewise Gibraltar Chess Festival 2014 "]
[Site "The Caleta Hotel - Gibraltar"]
[Date "2014.01.30"]
[Round "3.74"]
[White "Lejlic, Samir"]
[Black "Becham, Khalid"]
[Result "1-0"]
[WhiteElo "2345"]
[BlackElo "2122"]
[PlyCount "81"]
[EventDate "2014.01.28"]

1. e4 e5 2. Bc4 Nc6 3. Nf3 Bc5 4. O-O Nf6 5. d3 d6 6. c3 O-O 7. Re1 Na5 8. Bb5
a6 9. Ba4 b5 10. Bc2 Nc6 11. a4 Rb8 12. axb5 axb5 13. Bg5 Bb6 14. Nbd2 Ne7 15.
Nf1 Ng6 16. h3 h6 17. Be3 Nh7 18. Bxb6 Rxb6 19. Ne3 Ng5 20. d4 Qf6 21. Nh2 Nf4
22. Nhg4 Ngxh3+ 23. Kf1 Qg5 24. Qf3 h5 25. Nh2 Qg6 26. Nf5 Qg5 27. gxh3 g6 28.
Qg3 Qd8 29. h4 Kh7 30. Ne3 g5 31. Nf5 Rg8 32. Nf3 gxh4 33. Qxh4 f6 34. Re3 Rg4
35. Qh1 Qg8 36. Ne1 Bxf5 37. exf5 exd4 38. Re7+ Kh6 39. Ra8 Rb8 40. Rxb8 Qxb8
41. Bd1 1-0